Trump's intentions - Statistics

General Stats
  • This quiz has been taken 10 times
  • The average score is 8 of 10
Answer Stats
Question Answer % Correct
Ireland None
100%
Cuba None
100%
Iceland None
100%
Guatemala None
100%
Greenland Make join the US
80%
Ukraine Stop the war there
80%
Israel Stop the war there
80%
Canada Make join the US
60%
Panama Canal Make join the US
60%
Sudan None
60%
No matching quizzes found
Score Distribution
Percent of People with Each Score
Percentile by Number Answered
Your Score History
You have not taken this quiz